[Event "Moscow Rapid Chess Cup 2018"]
[Site "?"]
[Date "2018.12.08"]
[Round "5.11"]
[White "Usov, Aleksandr E."]
[Black "Reprintsev, Alexander"]
[Result "0-1"]
[BlackElo "2353"]
[WhiteElo "1737"]
[LiveChessVersion "1.4.8"]

1. d4 {[%clk 0:15:16]} d5 2. c4 e5 {[%clk 0:15:26]} 3. Nc3 {[%clk 0:15:35]} exd4
{[%clk 0:15:33]} 4. Qxd4 {[%clk 0:15:43]} Nc6 {[%clk 0:15:41]} 5. Qe3+
{[%clk 0:15:27]} Be6 {[%clk 0:15:35]} 6. cxd5 {[%clk 0:15:17]} Nb4
{[%clk 0:15:44]} 7. Qd2 {[%clk 0:14:46]} Nxd5 {[%clk 0:15:49]} 8. Nxd5
{[%clk 0:14:55]} Qxd5 {[%clk 0:15:53]} 9. Qxd5 {[%clk 0:15:00]} Bxd5
{[%clk 0:16:01]} 10. Nf3 {[%clk 0:15:08]} O-O-O {[%clk 0:15:27]} 11. Bd2
{[%clk 0:15:09]} Nf6 {[%clk 0:15:34]} 12. e3 {[%clk 0:15:04]} Ne4
{[%clk 0:15:41]} 13. a3 {[%clk 0:14:57]} Nxf2 {[%clk 0:15:02]} 14. Kxf2
{[%clk 0:14:53]} Bxf3 {[%clk 0:15:10]} 15. Kxf3 {[%clk 0:14:28]} Rxd2
{[%clk 0:15:18]} 16. Bc4 {[%clk 0:14:37]} Rxb2 {[%clk 0:15:02]} 17. Rhd1
{[%clk 0:14:14]} Bd6 {[%clk 0:15:07]} 18. a4 {[%clk 0:13:56]} Re8
{[%clk 0:14:45]} 19. Rab1 {[%clk 0:13:53]} Rxb1 {[%clk 0:14:51]} 20. Rxb1
{[%clk 0:14:02]} c6 {[%clk 0:13:53]} 21. Rd1 {[%clk 0:12:48]} Kc7
{[%clk 0:14:01]} 22. Rf1 {[%clk 0:12:47]} f6 {[%clk 0:14:09]} 23. Rc1
{[%clk 0:12:40]} a6 {[%clk 0:14:11]} 24. e4 {[%clk 0:12:45]} Re5 {[%clk 0:14:15]}
25. Bg8 {[%clk 0:12:15]} Ra5 {[%clk 0:13:46]} 26. Bxh7 {[%clk 0:11:44]} Rxa4
{[%clk 0:13:53]} 27. Kg4 {[%clk 0:11:45]} Ra2 {[%clk 0:13:52]} 28. Kf5
{[%clk 0:11:45]} Rxg2 {[%clk 0:13:52]} 29. h4 {[%clk 0:11:53]} a5
{[%clk 0:13:53]} 30. Bg6 {[%clk 0:11:35]} a4 {[%clk 0:13:57]} 31. h5
{[%clk 0:11:44]} a3 {[%clk 0:14:02]} 32. Ke6 {[%clk 0:11:52]} Be5
{[%clk 0:14:06]} 33. h6 {[%clk 0:11:43]} Rxg6 {[%clk 0:13:55]} 34. Rc2
{[%clk 0:11:29]} Rxh6 {[%clk 0:13:58]} 35. Kf5 {[%clk 0:11:36]} Rh2
{[%clk 0:13:58]} 36. Rc5 {[%clk 0:09:50]} a2 {[%clk 0:14:02]} 37. Ra5
{[%clk 0:10:00]} a1=Q {[%clk 0:14:08]} 38. Rxa1 {[%clk 0:09:51]} Bxa1
{[%clk 0:14:16]} 39. Ke6 {[%clk 0:09:43]} b5 {[%clk 0:14:13]} 40. e5
{[%clk 0:09:49]} b4 {[%clk 0:14:16]} 41. exf6 {[%clk 0:09:52]} gxf6
{[%clk 0:14:23]} 42. Kf7 {[%clk 0:10:02]} b3 {[%clk 0:14:30]} 43. Ke7
{[%clk 0:10:10]} b2 {[%clk 0:14:38]} 44. Ke6 {[%clk 0:10:18]} b1=Q
{[%clk 0:14:45]} 45. Kf7 {[%clk 0:10:27]} Rh7+ {[%clk 0:14:50]} 46. Kf8
{[%clk 0:10:34]} Qb8# {[%clk 0:14:58]} 47. Kg7 Rxg7 0-1

[Event "Moscow Rapid Chess Cup 2018"]
[Site "?"]
[Date "2018.12.08"]
[Round "5.13"]
[White "Martynyuk Elizaveta"]
[Black "Strutinskaia, Galina"]
[Result "1/2-1/2"]
[BlackElo "2204"]
[WhiteElo "2084"]
[LiveChessVersion "1.4.8"]

1. e4 {[%clk 0:08:12]} c5 {[%clk 0:15:17]} 2. Nf3 {[%clk 0:08:20]} Nc6
{[%clk 0:15:10]} 3. d4 {[%clk 0:08:28]} cxd4 {[%clk 0:15:18]} 4. Nxd4
{[%clk 0:08:36]} Nf6 {[%clk 0:15:18]} 5. Nc3 {[%clk 0:08:44]} e6 {[%clk 0:15:24]}
6. Ndb5 {[%clk 0:08:45]} d6 {[%clk 0:15:33]} 7. Bf4 {[%clk 0:08:52]} e5
{[%clk 0:15:42]} 8. Bg5 {[%clk 0:09:00]} a6 {[%clk 0:15:50]} 9. Na3
{[%clk 0:09:09]} b5 {[%clk 0:15:58]} 10. Nd5 {[%clk 0:09:16]} Be7
{[%clk 0:16:06]} 11. Bxf6 {[%clk 0:09:23]} Bxf6 {[%clk 0:16:15]} 12. c3
{[%clk 0:09:32]} Ne7 {[%clk 0:15:54]} 13. Nxf6+ {[%clk 0:09:39]} gxf6
{[%clk 0:16:02]} 14. Qd2 {[%clk 0:09:38]} f5 {[%clk 0:16:03]} 15. exf5
{[%clk 0:08:40]} Bxf5 {[%clk 0:15:47]} 16. Bd3 {[%clk 0:08:26]} Be6
{[%clk 0:14:17]} 17. Nc2 {[%clk 0:08:14]} O-O {[%clk 0:14:11]} 18. Qh6
{[%clk 0:06:58]} Ng6 {[%clk 0:13:15]} 19. h4 {[%clk 0:07:04]} f5 {[%clk 0:13:23]}
20. O-O-O {[%clk 0:06:44]} Qf6 {[%clk 0:13:05]} 21. g3 {[%clk 0:06:31]} Bxa2
{[%clk 0:12:20]} 22. Ne3 {[%clk 0:05:55]} Ne7 {[%clk 0:12:06]} 23. Qh5
{[%clk 0:05:48]} Ra7 {[%clk 0:11:08]} 24. Bc2 {[%clk 0:04:22]} a5
{[%clk 0:10:06]} 25. g4 {[%clk 0:02:42]} Bf7 {[%clk 0:07:55]} 26. Qg5+
{[%clk 0:02:50]} Qxg5 {[%clk 0:08:01]} 27. hxg5 {[%clk 0:02:58]} Bg6
{[%clk 0:07:00]} 28. Rxd6 {[%clk 0:02:55]} b4 {[%clk 0:06:56]} 29. gxf5
{[%clk 0:02:09]} Nxf5 {[%clk 0:07:00]} 30. Bxf5 {[%clk 0:01:52]} Bxf5
{[%clk 0:07:08]} 31. Nxf5 {[%clk 0:01:45]} Rxf5 {[%clk 0:07:17]} 32. g6
{[%clk 0:01:46]} hxg6 {[%clk 0:07:11]} 33. Rxg6+ {[%clk 0:01:54]} Rg7
{[%clk 0:07:12]} 34. Rxg7+ {[%clk 0:01:52]} Kxg7 {[%clk 0:07:21]} 35. cxb4
{[%clk 0:01:58]} axb4 {[%clk 0:07:30]} 36. Re1 {[%clk 0:01:55]} Kf6
{[%clk 0:07:35]} 37. Re2 {[%clk 0:02:03]} Rf3 {[%clk 0:07:38]} 38. Kd2
{[%clk 0:02:02]} Kf5 {[%clk 0:07:46]} 39. Ke1 {[%clk 0:02:07]} Kf4
{[%clk 0:07:50]} 40. Rc2 {[%clk 0:02:09]} Rb3 {[%clk 0:07:40]} 41. Ke2
{[%clk 0:02:12]} e4 {[%clk 0:07:49]} 42. Rd2 {[%clk 0:02:16]} Ke5
{[%clk 0:07:46]} 43. Kd1 {[%clk 0:02:14]} Rf3 {[%clk 0:07:45]} 44. Ke2
{[%clk 0:02:21]} Rh3 {[%clk 0:07:45]} 45. Rd8 {[%clk 0:02:22]} Rb3
{[%clk 0:07:52]} 46. Rd2 {[%clk 0:02:18]} Rh3 {[%clk 0:07:24]} 47. Rd8
{[%clk 0:02:23]} Rf3 {[%clk 0:07:08]} 48. Rd2 {[%clk 0:02:25]} 1/2-1/2

[Event "Moscow Rapid Chess Cup 2018"]
[Site "?"]
[Date "2018.12.08"]
[Round "6.1"]
[White "Yeletsky, Ivan"]
[Black "Zakhartsov, Vladimir"]
[Result "1/2-1/2"]
[BlackElo "2473"]
[WhiteElo "2294"]
[LiveChessVersion "1.4.8"]

1. e4 {[%clk 0:15:15]} c5 {[%clk 0:15:08]} 2. Nf3 {[%clk 0:15:24]} d6
{[%clk 0:15:05]} 3. d4 {[%clk 0:15:32]} Nf6 {[%clk 0:15:12]} 4. Nc3
{[%clk 0:15:40]} cxd4 {[%clk 0:15:19]} 5. Nxd4 {[%clk 0:15:48]} a6
{[%clk 0:14:56]} 6. Bg5 {[%clk 0:15:31]} Nbd7 {[%clk 0:14:53]} 7. Qe2
{[%clk 0:15:40]} h6 {[%clk 0:14:44]} 8. Bh4 {[%clk 0:15:48]} e6 {[%clk 0:14:29]}
9. O-O-O {[%clk 0:15:39]} Qc7 {[%clk 0:14:32]} 10. f4 {[%clk 0:15:44]} Be7
{[%clk 0:14:24]} 11. g4 {[%clk 0:15:39]} b5 {[%clk 0:14:05]} 12. a3
{[%clk 0:15:47]} Bb7 {[%clk 0:14:07]} 13. Kb1 {[%clk 0:15:34]} Nxe4
{[%clk 0:12:49]} 14. Nxe4 {[%clk 0:15:38]} Bxh4 {[%clk 0:12:57]} 15. Nxe6
{[%clk 0:09:17]} fxe6 {[%clk 0:13:05]} 16. Nxd6+ {[%clk 0:09:26]} Ke7
{[%clk 0:13:10]} 17. Nf5+ {[%clk 0:06:07]} Kf7 {[%clk 0:13:09]} 18. Nd6+
{[%clk 0:05:50]} Ke7 {[%clk 0:13:18]} 19. Nf5+ {[%clk 0:04:17]} Kf7
{[%clk 0:12:50]} 20. Nd6+ {[%clk 0:04:25]} 1/2-1/2

[Event "Moscow Rapid Chess Cup 2018"]
[Site "?"]
[Date "2018.12.08"]
[Round "6.3"]
[White "Lavrov, Maxim"]
[Black "Shinkevich, Vitaly"]
[Result "0-1"]
[BlackElo "2545"]
[WhiteElo "2333"]
[LiveChessVersion "1.4.8"]

1. e4 {[%clk 0:15:17]} e5 {[%clk 0:15:12]} 2. Nf3 {[%clk 0:15:24]} Nc6
{[%clk 0:15:21]} 3. Bb5 {[%clk 0:15:32]} a6 {[%clk 0:15:29]} 4. Ba4
{[%clk 0:15:41]} Nf6 {[%clk 0:15:38]} 5. O-O {[%clk 0:15:47]} b5 {[%clk 0:15:46]}
6. Bb3 {[%clk 0:15:55]} Bb7 {[%clk 0:15:55]} 7. d3 {[%clk 0:15:47]} Bc5
{[%clk 0:16:02]} 8. c3 {[%clk 0:15:51]} d6 {[%clk 0:16:10]} 9. Bg5
{[%clk 0:15:37]} h6 {[%clk 0:16:08]} 10. Bh4 {[%clk 0:15:42]} g5 {[%clk 0:15:30]}
11. Bg3 {[%clk 0:15:49]} Qe7 {[%clk 0:15:39]} 12. d4 {[%clk 0:15:40]} Bb6
{[%clk 0:15:46]} 13. Re1 {[%clk 0:14:37]} h5 {[%clk 0:14:08]} 14. h4
{[%clk 0:14:23]} g4 {[%clk 0:14:16]} 15. Ng5 {[%clk 0:14:28]} Nd8
{[%clk 0:14:24]} 16. Nd2 {[%clk 0:12:19]} Nd7 {[%clk 0:13:40]} 17. Nf1
{[%clk 0:10:22]} f6 {[%clk 0:13:34]} 18. Ne3 {[%clk 0:10:24]} fxg5
{[%clk 0:13:39]} 19. Nf5 {[%clk 0:10:33]} Qf6 {[%clk 0:11:34]} 20. hxg5
{[%clk 0:10:35]} Qxg5 {[%clk 0:11:42]} 21. Bh4 {[%clk 0:10:09]} Qg6
{[%clk 0:11:48]} 22. dxe5 {[%clk 0:08:00]} Nxe5 {[%clk 0:11:04]} 23. Bd5
{[%clk 0:08:06]} Bxd5 {[%clk 0:06:29]} 24. Qxd5 {[%clk 0:08:06]} Rb8
{[%clk 0:06:06]} 25. Bg3 {[%clk 0:07:52]} Ndf7 {[%clk 0:04:52]} 26. a4
{[%clk 0:07:36]} h4 {[%clk 0:02:37]} 27. Bxh4 {[%clk 0:05:04]} c6
{[%clk 0:01:08]} 28. Qd1 {[%clk 0:04:42]} Nf3+ {[%clk 0:00:53]} 29. gxf3
{[%clk 0:04:37]} gxf3+ {[%clk 0:01:03]} 30. Bg3 {[%clk 0:04:43]} Qg4
{[%clk 0:01:01]} 0-1

[Event "Moscow Rapid Chess Cup 2018"]
[Site "?"]
[Date "2018.12.08"]
[Round "6.4"]
[White "Gareyev, Timur"]
[Black "Golubov, Saveliy"]
[Result "0-1"]
[BlackElo "2542"]
[WhiteElo "2575"]
[LiveChessVersion "1.4.8"]

1. d4 {[%clk 0:15:18]} Nf6 {[%clk 0:14:51]} 2. Bg5 {[%clk 0:15:25]} g6
{[%clk 0:14:51]} 3. Nd2 {[%clk 0:15:22]} Bg7 {[%clk 0:14:52]} 4. e3
{[%clk 0:15:29]} O-O {[%clk 0:14:54]} 5. c3 {[%clk 0:15:36]} d6 {[%clk 0:13:00]}
6. Ngf3 {[%clk 0:15:37]} b6 {[%clk 0:12:26]} 7. Bd3 {[%clk 0:15:41]} Bb7
{[%clk 0:12:35]} 8. h4 {[%clk 0:15:37]} Nbd7 {[%clk 0:11:38]} 9. h5
{[%clk 0:15:45]} Nxh5 {[%clk 0:10:49]} 10. Rxh5 {[%clk 0:15:54]} gxh5
{[%clk 0:10:58]} 11. Nh4 {[%clk 0:16:03]} Qe8 {[%clk 0:11:07]} 12. Nf5
{[%clk 0:13:43]} f6 {[%clk 0:10:45]} 13. Bh4 {[%clk 0:13:34]} e6 {[%clk 0:10:21]}
14. Ng3 {[%clk 0:13:18]} f5 {[%clk 0:10:11]} 15. Qb3 {[%clk 0:13:27]} Kh8
{[%clk 0:09:45]} 16. Be2 {[%clk 0:13:26]} Bf6 {[%clk 0:09:40]} 17. Bxh5
{[%clk 0:13:15]} Qe7 {[%clk 0:09:49]} 18. Bxf6+ {[%clk 0:13:23]} Nxf6
{[%clk 0:09:58]} 19. O-O-O {[%clk 0:13:30]} Nxh5 {[%clk 0:09:23]} 20. Nxh5
{[%clk 0:13:39]} Qf7 {[%clk 0:09:32]} 21. Nf4 {[%clk 0:13:35]} e5
{[%clk 0:09:30]} 22. dxe5 {[%clk 0:13:44]} dxe5 {[%clk 0:09:12]} 23. Nd3
{[%clk 0:13:47]} Qxb3 {[%clk 0:08:06]} 24. axb3 {[%clk 0:13:56]} Bxg2
{[%clk 0:07:29]} 25. Nxe5 {[%clk 0:14:01]} f4 {[%clk 0:07:09]} 26. Ndc4
{[%clk 0:13:08]} b5 {[%clk 0:07:04]} 27. Na3 {[%clk 0:13:00]} fxe3
{[%clk 0:06:56]} 28. fxe3 {[%clk 0:13:09]} Rae8 {[%clk 0:06:57]} 29. Nd7
{[%clk 0:13:18]} Rf1 {[%clk 0:06:57]} 0-1

[Event "Moscow Rapid Chess Cup 2018"]
[Site "?"]
[Date "2018.12.08"]
[Round "6.8"]
[White "Reprintsev, Alexander"]
[Black "Naumkin, Igor"]
[Result "0-1"]
[BlackElo "2410"]
[WhiteElo "2353"]
[LiveChessVersion "1.4.8"]

1. e4 {[%clk 0:15:18]} e5 {[%clk 0:15:18]} 2. Bc4 {[%clk 0:15:23]} Nf6
{[%clk 0:15:25]} 3. Nf3 {[%clk 0:15:20]} Nc6 {[%clk 0:15:30]} 4. Ng5
{[%clk 0:15:26]} d5 {[%clk 0:15:38]} 5. exd5 {[%clk 0:15:35]} Na5
{[%clk 0:15:45]} 6. Bb5+ {[%clk 0:15:43]} c6 {[%clk 0:15:53]} 7. dxc6
{[%clk 0:15:51]} bxc6 {[%clk 0:16:01]} 8. Qf3 {[%clk 0:15:59]} Be7
{[%clk 0:15:36]} 9. Ne4 {[%clk 0:12:08]} Nxe4 {[%clk 0:14:50]} 10. Qxe4
{[%clk 0:12:12]} cxb5 {[%clk 0:13:45]} 11. Qxa8 {[%clk 0:12:14]} O-O
{[%clk 0:13:47]} 12. O-O {[%clk 0:09:35]} Qb6 {[%clk 0:12:37]} 13. Qf3
{[%clk 0:09:32]} Bb7 {[%clk 0:12:19]} 14. Qh3 {[%clk 0:09:23]} f5
{[%clk 0:11:06]} 15. d3 {[%clk 0:09:29]} f4 {[%clk 0:10:41]} 16. Nc3
{[%clk 0:09:26]} Qg6 {[%clk 0:09:24]} 17. Re1 {[%clk 0:08:09]} Nc6
{[%clk 0:07:45]} 18. Nd5 {[%clk 0:03:47]} Bc5 {[%clk 0:05:58]} 19. c3
{[%clk 0:01:49]} Bc8 {[%clk 0:04:38]} 20. Qf3 {[%clk 0:01:57]} Bg4
{[%clk 0:03:56]} 21. Qe4 {[%clk 0:02:00]} Bf5 {[%clk 0:03:53]} 22. Qf3
{[%clk 0:01:44]} Bxd3 {[%clk 0:03:34]} 23. b4 {[%clk 0:01:13]} Bd6
{[%clk 0:01:59]} 24. Nxf4 {[%clk 0:00:55]} exf4 {[%clk 0:02:03]} 25. Qxc6
{[%clk 0:01:01]} f3 {[%clk 0:01:52]} 26. Qd5+ {[%clk 0:01:09]} Kh8
{[%clk 0:01:51]} 27. Qg5 {[%clk 0:01:15]} Qf7 {[%clk 0:01:44]} 28. Be3
{[%clk 0:01:10]} h6 {[%clk 0:01:45]} 29. Qg4 {[%clk 0:01:16]} fxg2
{[%clk 0:01:23]} 30. Rad1 {[%clk 0:01:13]} Bf5 {[%clk 0:01:18]} 31. Qxg2
{[%clk 0:01:16]} Qc7 {[%clk 0:00:49]} 32. Bd4 {[%clk 0:00:41]} Bf4
{[%clk 0:00:39]} 33. f3 {[%clk 0:00:36]} Kh7 {[%clk 0:00:40]} 34. Re2
{[%clk 0:00:41]} Rd8 {[%clk 0:00:40]} 35. Rde1 {[%clk 0:00:46]} Bg5
{[%clk 0:00:29]} 36. Re7 {[%clk 0:00:45]} Rd7 {[%clk 0:00:26]} 37. Rxd7
{[%clk 0:00:51]} Qxd7 {[%clk 0:00:34]} 38. f4 {[%clk 0:00:55]} Bxf4
{[%clk 0:00:41]} 39. Qf2 {[%clk 0:00:25]} Qd6 {[%clk 0:00:38]} 40. Re3
{[%clk 0:00:21]} Qg6+ {[%clk 0:00:39]} 41. Rg3 {[%clk 0:00:28]} Bxg3
{[%clk 0:00:40]} 42. Qxg3 {[%clk 0:00:37]} Qf7 {[%clk 0:00:45]} 43. Qe5
{[%clk 0:00:32]} Bd3 {[%clk 0:00:48]} 44. Kg2 {[%clk 0:00:23]} Qxa2+
{[%clk 0:00:55]} 45. Kg3 {[%clk 0:00:29]} Qf7 {[%clk 0:01:02]} 46. Qf4
{[%clk 0:00:33]} Qe6 {[%clk 0:00:59]} 47. Qe5 {[%clk 0:00:25]} Qg6+
{[%clk 0:01:06]} 48. Kf2 {[%clk 0:00:33]} Be4 {[%clk 0:01:09]} 49. Qg3
{[%clk 0:00:39]} Qf7+ {[%clk 0:01:13]} 50. Ke3 {[%clk 0:00:46]} Bg6
{[%clk 0:01:14]} 51. Qe5 {[%clk 0:00:51]} Qd7 {[%clk 0:01:19]} 52. Kd2
{[%clk 0:00:51]} a6 {[%clk 0:01:25]} 53. h4 {[%clk 0:00:55]} Qf7 {[%clk 0:01:28]}
54. Ke3 {[%clk 0:00:59]} Bf5 {[%clk 0:01:13]} 55. Kd2 {[%clk 0:00:51]} Qg6
{[%clk 0:01:15]} 56. Qe7 {[%clk 0:00:55]} Qg2+ {[%clk 0:01:14]} 57. Ke1
{[%clk 0:00:59]} Be4 {[%clk 0:01:03]} 58. Bxg7 {[%clk 0:00:41]} Qg3+
{[%clk 0:01:04]} 59. Kd2 {[%clk 0:00:49]} Qf4+ {[%clk 0:00:55]} 60. Kd1
{[%clk 0:00:33]} Qf1+ {[%clk 0:00:58]} 61. Kd2 {[%clk 0:00:42]} Qd3+
{[%clk 0:01:05]} 62. Ke1 {[%clk 0:00:47]} Qe3+ {[%clk 0:01:13]} 0-1

[Event "Moscow Rapid Chess Cup 2018"]
[Site "?"]
[Date "2018.12.08"]
[Round "6.10"]
[White "Ulko, Jaroslav"]
[Black "Usov, Aleksandr E."]
[Result "1-0"]
[BlackElo "1737"]
[WhiteElo "2424"]
[LiveChessVersion "1.4.8"]

1. d4 {[%clk 0:15:17]} c6 {[%clk 0:15:20]} 2. c4 {[%clk 0:15:24]} d5
{[%clk 0:15:29]} 3. cxd5 {[%clk 0:15:31]} cxd5 {[%clk 0:15:38]} 4. Nf3
{[%clk 0:15:39]} Nc6 {[%clk 0:15:48]} 5. Nc3 {[%clk 0:15:47]} Nf6
{[%clk 0:15:57]} 6. Bf4 {[%clk 0:15:55]} Qb6 {[%clk 0:15:58]} 7. a3
{[%clk 0:15:58]} e6 {[%clk 0:15:58]} 8. Na4 {[%clk 0:14:54]} Qd8 {[%clk 0:16:00]}
9. e3 {[%clk 0:14:52]} Qa5+ {[%clk 0:14:40]} 10. Nc3 {[%clk 0:10:34]} Ne4
{[%clk 0:14:41]} 11. Qc1 {[%clk 0:10:28]} Be7 {[%clk 0:13:57]} 12. Bd3
{[%clk 0:10:35]} f5 {[%clk 0:13:55]} 13. O-O {[%clk 0:10:35]} Rg8
{[%clk 0:13:37]} 14. Nb5 {[%clk 0:09:23]} g5 {[%clk 0:12:40]} 15. Nc7+
{[%clk 0:07:20]} Kf7 {[%clk 0:12:45]} 16. b4 {[%clk 0:07:29]} Bxb4
{[%clk 0:12:09]} 17. axb4 {[%clk 0:07:36]} Qxb4 {[%clk 0:12:15]} 18. Ne5+
{[%clk 0:07:26]} Nxe5 {[%clk 0:12:10]} 19. Bxe5 {[%clk 0:07:34]} Bd7
{[%clk 0:12:16]} 20. Nxa8 {[%clk 0:07:37]} Rxa8 {[%clk 0:12:20]} 21. Qc7
{[%clk 0:07:35]} Ke8 {[%clk 0:12:03]} 22. Bxe4 {[%clk 0:07:26]} fxe4
{[%clk 0:12:08]} 23. Rfb1 {[%clk 0:07:26]} Qc4 {[%clk 0:12:08]} 24. Rxb7
{[%clk 0:07:12]} Qc6 {[%clk 0:12:04]} 25. Qxc6 {[%clk 0:07:16]} Bxc6
{[%clk 0:12:11]} 26. Rxh7 {[%clk 0:07:20]} a5 {[%clk 0:12:17]} 27. Rh8+
{[%clk 0:07:26]} Kf7 {[%clk 0:12:24]} 28. Rxa8 {[%clk 0:07:34]} Bxa8
{[%clk 0:12:32]} 29. Rxa5 {[%clk 0:07:40]} Bc6 {[%clk 0:12:41]} 30. Ra7+
{[%clk 0:07:46]} Ke8 {[%clk 0:12:48]} 31. h3 {[%clk 0:07:46]} Bb5
{[%clk 0:12:55]} 32. Kh2 {[%clk 0:07:53]} Bc4 {[%clk 0:13:05]} 33. Kg3
{[%clk 0:08:01]} Kd8 {[%clk 0:13:14]} 34. Kg4 {[%clk 0:08:08]} Kc8
{[%clk 0:13:23]} 35. Kxg5 {[%clk 0:08:15]} Kd8 {[%clk 0:13:32]} 36. h4
{[%clk 0:08:21]} Be2 {[%clk 0:13:40]} 37. h5 {[%clk 0:08:25]} Bxh5
{[%clk 0:13:43]} 38. Kxh5 {[%clk 0:08:33]} Kc8 {[%clk 0:13:52]} 39. g4
{[%clk 0:08:39]} Kd8 {[%clk 0:14:01]} 40. g5 {[%clk 0:08:47]} Ke8
{[%clk 0:14:06]} 41. g6 {[%clk 0:08:55]} Kf8 {[%clk 0:14:16]} 42. Bf6
{[%clk 0:08:58]} Ke8 {[%clk 0:14:24]} 43. g7 {[%clk 0:09:03]} e5 {[%clk 0:14:33]}
44. g8=Q# {[%clk 0:08:44]} 1-0

[Event "Moscow Rapid Chess Cup 2018"]
[Site "?"]
[Date "2018.12.08"]
[Round "6.15"]
[White "Utiatskaja, Irina"]
[Black "Paramzina, Anastasya"]
[Result "0-1"]
[BlackElo "2106"]
[WhiteElo "2064"]
[LiveChessVersion "1.4.8"]

1. e4 {[%clk 0:15:18]} c5 {[%clk 0:15:19]} 2. Nf3 {[%clk 0:15:27]} d6
{[%clk 0:15:22]} 3. d4 {[%clk 0:15:36]} cxd4 {[%clk 0:15:31]} 4. Nxd4
{[%clk 0:15:44]} Nf6 {[%clk 0:15:40]} 5. Nc3 {[%clk 0:15:53]} a6 {[%clk 0:15:49]}
6. Be3 {[%clk 0:16:01]} e6 {[%clk 0:15:49]} 7. g4 {[%clk 0:15:40]} h6
{[%clk 0:15:29]} 8. Rg1 {[%clk 0:13:50]} Nc6 {[%clk 0:15:02]} 9. h4
{[%clk 0:13:32]} d5 {[%clk 0:12:34]} 10. exd5 {[%clk 0:12:58]} Nxd5
{[%clk 0:12:30]} 11. Nxd5 {[%clk 0:12:57]} Qxd5 {[%clk 0:12:28]} 12. Bg2
{[%clk 0:12:54]} Qa5+ {[%clk 0:12:17]} 13. c3 {[%clk 0:12:15]} Ne5
{[%clk 0:10:55]} 14. Qe2 {[%clk 0:11:29]} Be7 {[%clk 0:10:18]} 15. g5
{[%clk 0:09:33]} h5 {[%clk 0:07:26]} 16. a3 {[%clk 0:08:34]} Ng6 {[%clk 0:07:14]}
17. Rh1 {[%clk 0:06:12]} e5 {[%clk 0:06:43]} 18. Nc2 {[%clk 0:05:49]} Qa4
{[%clk 0:05:58]} 19. O-O-O {[%clk 0:05:14]} Nxh4 {[%clk 0:04:58]} 20. Bd5
{[%clk 0:05:17]} g6 {[%clk 0:04:09]} 21. b3 {[%clk 0:04:47]} Qg4 {[%clk 0:03:47]}
22. f3 {[%clk 0:04:28]} Qg2 {[%clk 0:03:51]} 23. Qc4 {[%clk 0:04:14]} Bf5
{[%clk 0:03:59]} 24. Bxf7+ {[%clk 0:02:42]} Kf8 {[%clk 0:04:08]} 25. Bd2
{[%clk 0:02:42]} Rc8 {[%clk 0:03:57]} 26. Qxh4 {[%clk 0:02:44]} Rxc3
{[%clk 0:03:59]} 27. Qe4 {[%clk 0:01:51]} Bxe4 {[%clk 0:04:03]} 28. fxe4
{[%clk 0:02:01]} Rxc2+ {[%clk 0:03:57]} 29. Kxc2 {[%clk 0:02:05]} Qxe4+
{[%clk 0:03:39]} 30. Kb2 {[%clk 0:02:14]} Kxf7 {[%clk 0:03:47]} 31. Rhf1+
{[%clk 0:02:09]} Ke6 {[%clk 0:03:24]} 32. Rfe1 {[%clk 0:01:37]} Qd4+
{[%clk 0:02:44]} 33. Bc3 {[%clk 0:01:34]} Bxa3+ {[%clk 0:02:48]} 34. Kc2
{[%clk 0:01:19]} Qf2+ {[%clk 0:02:56]} 35. Kb1 {[%clk 0:01:16]} Bd6
{[%clk 0:02:56]} 36. Rxd6+ {[%clk 0:00:30]} Kxd6 {[%clk 0:03:00]} 37. Bxe5+
{[%clk 0:00:36]} Kxe5 0-1

[Event "Moscow Rapid Chess Cup 2018"]
[Site "?"]
[Date "2018.12.09"]
[Round "7.2"]
[White "Shinkevich, Vitaly"]
[Black "Sychev, Klementy"]
[Result "1/2-1/2"]
[BlackElo "2544"]
[WhiteElo "2545"]
[LiveChessVersion "1.4.8"]

1. c4 {[%clk 0:15:17]} Nf6 {[%clk 0:14:53]} 2. Nc3 {[%clk 0:15:23]} e6
{[%clk 0:15:00]} 3. e4 {[%clk 0:15:22]} d5 {[%clk 0:14:58]} 4. e5
{[%clk 0:15:23]} d4 {[%clk 0:15:06]} 5. exf6 {[%clk 0:15:30]} dxc3
{[%clk 0:15:15]} 6. bxc3 {[%clk 0:15:38]} Qxf6 {[%clk 0:15:23]} 7. Nf3
{[%clk 0:15:43]} Nc6 {[%clk 0:15:19]} 8. Bd3 {[%clk 0:13:25]} g5 {[%clk 0:15:08]}
9. O-O {[%clk 0:10:34]} Bd6 {[%clk 0:14:27]} 10. Be4 {[%clk 0:05:59]} g4
{[%clk 0:14:30]} 11. Bxc6+ {[%clk 0:05:46]} bxc6 {[%clk 0:14:39]} 12. Nd4
{[%clk 0:05:51]} h5 {[%clk 0:14:05]} 13. Qe2 {[%clk 0:04:36]} Bd7
{[%clk 0:12:20]} 14. d3 {[%clk 0:03:42]} Rb8 {[%clk 0:09:14]} 15. f4
{[%clk 0:02:55]} c5 16. Nb3 1/2-1/2